Koszorúzás Czibula Antal sírjánál
Elmentve itt :
| Dokumentumtípus: | Cikk |
|---|---|
| Megjelent: |
1979-02-28
|
| Sorozat: | Délmagyarország
69 No. 49 |
| Kulcsszavak: | Czibula Antal |
| Online Access: | http://dmarchiv.bibl.u-szeged.hu/93040 |
| LEADER | 00406nab a2200145 i 4500 | ||
|---|---|---|---|
| 001 | delm93040 | ||
| 005 | 20190524104223.0 | ||
| 008 | 190524s1979 hu o 0|| hun d | ||
| 040 | |a SZTE Délmagyarország Archívum |b hun | ||
| 041 | |a hun | ||
| 245 | 0 | 0 | |a Koszorúzás Czibula Antal sírjánál |h [elektronikus dokumentum] |
| 260 | |c 1979-02-28 | ||
| 300 | |a 8 | ||
| 490 | 0 | |a Délmagyarország |v 69 No. 49 | |
| 695 | |a Czibula Antal | ||